Normal view
MARC view
Entry Nombre corporativo
001 - NÚMERO DE CONTROL
- campo de control: 40014
003 - IDENTIFICADOR DE NÚMERO DE CONTROL
- campo de control: OSt
005 - FECHA Y HORA DE LA ÚLTIMA TRANSACCIÓN
- campo de control: 20250520185219.0
008 - ELEMENTOS DE DATO DE LONGITUD-FIJA
- campo de control de longitud fija: 250520|| aca||aabn | a|a d
040 ## - FUENTE DE CATALOGACIÓN
- Centro catalogador/agencia de origen: OSt
- Centro/agencia transcriptor: OSt
110 ## - ENCABEZAMIENTO-NOMBRE DE ENTIDAD CORPORATIVA
- Nombre de entidad corporativa o nombre de jurisdicción como elemento de entrada: PAIS VALENCIANO
- Unidad subordinada: Plan de Actuación para la Igualdad de Oportunidades entre Hombres y Mujeres
- Fecha del congreso o de la firma del tratado: 1997-2000
670 ## - FUENTE DE DATOS ENCONTRADOS
- Cita de la fuente: Work cat.: (OSt)8269: PAIS VALENCIANO. Generalitat 2648, Para la igualdad de oportunidades entre hombres y mujeres 1997-2000 :, 1997